Holy Books of the Top 10 Religions - Statistics

General Stats
  • This quiz has been taken 75 times
  • The average score is 4 of 10
Answer Stats
Religion # of Followers Holy Book % Correct
Judaism 14 million followers The Hebrew Bible (Old Testament)
100%
Christianity 2.2 billion followers The Holy Bible
100%
Islam 1.6 billion followers The Quran
99%
Hinduism 1 billion followers The Vedas
34%
Sikhism 23 million followers Guru Granth Sahib
18%
Zoroastrianism 2.6 million followers Avesta
15%
Buddhism 376 million followers Tripitaka (Pali Canon)
12%
Shinto 4 million followers Kojiki
6%
Bahá’í 7 million followers Kitáb-i-Aqdas
1%
Jainism 4.2 million followers Agam Sutras
0%
No matching quizzes found
Score Distribution
Percent of People with Each Score
Percentile by Number Answered
Your Score History
You have not taken this quiz